[Event "Lille Luce op 7th"]
[Site "Lille"]
[Date "2016.04.12"]
[Round "5"]
[White "Warnault, Pierre"]
[Black "Goormachtigh, Johan"]
[Result "0-1"]
[WhiteElo "1918"]
[BlackElo "2191"]
[PlyCount "60"]
[EventDate "2016.04.09"]
[EventType "swiss"]
[EventRounds "7"]
[EventCountry "FRA"]
[SourceTitle "CBM 171 Extra"]
[Source "ChessBase"]
[SourceDate "2016.04.26"]
[SourceVersion "1"]
[SourceVersionDate "2016.04.26"]
[SourceQuality "1"]

1. e4 c5 2. Nf3 e6 3. d3 Nc6 4. g3 g6 5. Bg2 Bg7 6. 0-0 Nge7 7. Nbd2 e5 8. Nc4 d5 9. Ne3 h6 10. Bd2 Be6 11. h3 Qd7 12. Kh2 0-0 13. Qc1 Kh7 14. Rh1 f5 15. exf5 gxf5 16. Rf1 Ng6 17. h4 f4 18. h5 Nge7 19. Nd1 Bg4 20. Rh1 fxg3+ 21. Kxg3 Bxf3 22. Bxf3 Rxf3+ 23. Kxf3 Nd4+ 24. Kg2 Qg4+ 25. Kf1 Qe2+ 26. Kg1 Nf3+ 27. Kg2 Nxd2 28. Ne3 Rg8 29. Rg1 Bf6+ 30. Kh1 Qxh5# 0-1

[Event "Le Touquet op 26th"]
[Site "Le Touquet"]
[Date "2011.10.24"]
[Round "3"]
[White "Warnault, Pierre"]
[Black "De Bonnieres, Philippe"]
[Result "1/2-1/2"]
[WhiteElo "1766"]
[BlackElo "1990"]
[PlyCount "62"]
[EventDate "2011.10.22"]
[EventType "swiss"]
[EventRounds "9"]
[EventCountry "FRA"]
[SourceTitle "EXT 2012"]
[Source "ChessBase"]
[SourceDate "2011.11.24"]
[SourceVersion "1"]
[SourceVersionDate "2011.11.24"]
[SourceQuality "1"]

1. e4 c5 2. Nf3 d6 3. d4 cxd4 4. Nxd4 Nf6 5. Nc3 e6 6. Bc4 Nc6 7. Bb3 Be7 8. 0-0 0-0 9. a3 a6 10. Bg5 Qc7 11. Kh1 h6 12. Bh4 Nxe4 13. Nxe4 Bxh4 14. Nxc6 Qxc6 15. Nxd6 Rd8 16. Qg4 Rxd6 17. Qxh4 b5 18. Rad1 Bb7 19. f3 Qd7 20. c3 Bd5 21. Bxd5 Rxd5 22. Qe4 Rd8 23. Rxd5 Qxd5 24. Qxd5 Rxd5 25. Kg1 Kf8 26. h3 Ke7 27. Rf2 Rd1+ 28. Rf1 Rd3 29. Rf2 Kd6 30. Rc2 Kc5 31. b3 Rd1+ 1/2-1/2

[Event "Le Touquet op 25th"]
[Site "Le Touquet"]
[Date "2010.10.25"]
[Round "4"]
[White "Warnault, Pierre"]
[Black "Renard, Stephane"]
[Result "0-1"]
[WhiteElo "1750"]
[BlackElo "1978"]
[PlyCount "64"]
[EventDate "2010.10.22"]
[EventType "swiss"]
[EventRounds "9"]
[EventCountry "FRA"]
[SourceTitle "EXT 2020"]
[Source "ChessBase"]
[SourceDate "2019.10.17"]
[SourceVersion "1"]
[SourceVersionDate "2019.10.17"]
[SourceQuality "1"]

1. e4 c5 2. Nf3 Nc6 3. d4 cxd4 4. Nxd4 Nf6 5. Nc3 e5 6. Ndb5 d6 7. Bg5 a6 8. Na3 Be6 9. Bc4 Rc8 10. Bxe6 fxe6 11. Ne2 Qa5+ 12. Bd2 Qc7 13. f3 d5 14. exd5 exd5 15. c3 Bxa3 16. bxa3 0-0 17. 0-0 Na5 18. Bg5 Nc4 19. Qb3 h6 20. Bc1 Nd7 21. Qc2 Nc5 22. Qg6 Rf6 23. Qg4 Nd3 24. Ng3 Nxc1 25. Rfxc1 Ne3 26. Qb4 Rb6 27. Qa5 Qc6 28. Rab1 Rxb1 29. Rxb1 Qxc3 30. Qxc3 Rxc3 31. Rb2 Rc1+ 32. Kf2 Nd1+ 0-1